000 00497 a2200121 4500
001 ART_10770
005 20260410161854.0
008 260409a
245 1 0 _aExistencia y fin de la persona humana en el Proyecto de unificación del Código Civil y Comercial de la Nación del año 2012
100 1 _aJauregui, Andrea C.
700 1 _aMac Donnell, Eduardo J.
773 0 _tDerecho privado
_gReforma del Código Civil I. Aspectos generales - Año I, Nº 2 (sep. 2012)
_wREV10455
999 _c25298
_d25298